Arturo Marasso, o la poesía como el triunfo de la relación / (Registro nro. 90646)
[ vista simple ]
| 000 -CABECERA | |
|---|---|
| Campo de control de longitud fija | 00894caa a22002652u 4500 |
| 001 - NÚMERO DE CONTROL | |
| Campo de control | ARTICULO-004654 |
| 003 - IDENTIFICADOR DEL NÚMERO DE CONTROL | |
| Campo de control | AR-TrUNPB |
| 007 - CAMPO FIJO DE DESCRIPCIÓN FÍSICA | |
| Campo de control de longitud fija | ta |
| 008 - CÓDIGOS DE INFORMACIÓN DE LONGITUD FIJA | |
| Campo de control de longitud fija | 180517b ag r 000 0 spa d |
| 040 ## - FUENTE DE LA CATALOGACIÓN | |
| Centro catalogador de origen | AR-TrUNPB |
| 100 1# - PUNTO DE ACCESO PRINCIPAL - NOMBRE DE PERSONA | |
| Nombre de persona | Isaacson, José |
| 245 10 - MENCIÓN DE TÍTULO | |
| Título | Arturo Marasso, o la poesía como el triunfo de la relación / |
| Mención de responsabilidad etc. | José Isaacson |
| 300 ## - DESCRIPCIÓN FÍSICA | |
| Extensión | p. 443-453 |
| 590 ## - Nota local | |
| Nota local | Registros migrados a formato MARC |
| 650 #7 - PUNTO DE ACCESO ADICIONAL DE MATERIA - TÉRMINO DE MATERIA | |
| Término de materia o nombre geográfico como elemento inicial | LITERATURA |
| Fuente del encabezamiento o término | |
| 9 (RLIN) | 4285 |
| 650 #7 - PUNTO DE ACCESO ADICIONAL DE MATERIA - TÉRMINO DE MATERIA | |
| Término de materia o nombre geográfico como elemento inicial | ARGENTINA |
| Fuente del encabezamiento o término | |
| 9 (RLIN) | 1506 |
| 650 #4 - PUNTO DE ACCESO ADICIONAL DE MATERIA - TÉRMINO DE MATERIA | |
| Término de materia o nombre geográfico como elemento inicial | LITERATURA ARGENTINA |
| 9 (RLIN) | 3 |
| 650 #4 - PUNTO DE ACCESO ADICIONAL DE MATERIA - TÉRMINO DE MATERIA | |
| Término de materia o nombre geográfico como elemento inicial | LITERATURA RIOJANA |
| 650 #4 - PUNTO DE ACCESO ADICIONAL DE MATERIA - TÉRMINO DE MATERIA | |
| Término de materia o nombre geográfico como elemento inicial | MARASSO, ARTURO |
| 650 #4 - PUNTO DE ACCESO ADICIONAL DE MATERIA - TÉRMINO DE MATERIA | |
| Término de materia o nombre geográfico como elemento inicial | POESIA |
| 9 (RLIN) | 585 |
| 650 #4 - PUNTO DE ACCESO ADICIONAL DE MATERIA - TÉRMINO DE MATERIA | |
| Término de materia o nombre geográfico como elemento inicial | CRITICA LITERARIA |
| 9 (RLIN) | 356 |
| 773 0# - ENLACE AL DOCUMENTO FUENTE | |
| Número bibliográfico anfitrión | 84184 |
| Otro identificador del documento | TP0000556 |
| Título | Cuadernos del sur |
| Lugar editor y fecha de publicación | Bahia Blanca : Universidad Nacional del Sur. Departamento de Humanidades , 1966- |
| Número de control del registro relacionado | Revis2-000008 |
| Parte(s) relacionada(s) | X1001 : Vol. 00, no. 11 (1971) ; p. 443-453 |
| Número de ítem anfitrión | 103456 |
| 942 ## - ENTRADA PARA ELEMENTOS AGREGADOS (KOHA) | |
| Koha [por defecto] tipo de item | Artículos |
| 910 ## - Catalogador e indizador | |
| Catalogador/fecha | sf061027 |
No hay ítems disponibles.